00433nam a2200169Ia 4500008004100000041000800041082001600049100001000065245004400075250001200119260003900131300000900170440001000179500003900189650002500228700001000253230125s9999 xx 000 0 und d aeng a658.15bICF aICFAI aPersonal financial management : Vol - 2 a1st Ed. c1995bICFAI publicationaHyderabad a354p aICFAI aPersonal Finance;ICFAI Series Book aFinancial Management aICFAI